[Event "Sydney Internatonal Open 2008"]
[Site "Sydney AUS"]
[Date "2008.03.25"]
[Round "1.11"]
[White "Spiller, Paul"]
[Black "Johansen, Darryl K"]
[Result "0-1"]
[WhiteElo "1998"]
[BlackElo "2475"]
[PlyCount "56"]
[EventDate "2008.03.25"]
[EventType "swiss"]
[EventRounds "9"]
[EventCountry "AUS"]
[Source "lmi"]
[SourceDate "2008.03.25"]

1. e4 c5 2. c3 d5 3. exd5 Qxd5 4. d4 Nf6 5. Nf3 e6 6. Bd3 Nc6 7. O-O Be7 8. c4
Qd7 9. dxc5 O-O 10. Nc3 Rd8 11. Bb1 Qxd1 12. Rxd1 Rxd1+ 13. Nxd1 e5 14. Be3 Be6
15. Nc3 Bxc4 16. h3 Rd8 17. Bc2 Nd4 18. Bd1 Nf5 19. Nxe5 Nxe3 20. fxe3 Be6 21.
b4 Ne8 22. Bf3 Bf6 23. Bxb7 Bxe5 24. Rc1 Nc7 25. a4 Rd3 26. Nb5 Nxb5 27. axb5
Rxe3 28. Rd1 g5 0-1

[Event "Sydney Internatonal Open 2008"]
[Site "Sydney AUS"]
[Date "2008.03.25"]
[Round "1.12"]
[White "Solomon, Stephen J"]
[Black "Stojic, Svetozar"]
[Result "1-0"]
[WhiteElo "2468"]
[BlackElo "1995"]
[PlyCount "85"]
[EventDate "2008.03.25"]
[EventType "swiss"]
[EventRounds "9"]
[EventCountry "AUS"]
[Source "lmi"]
[SourceDate "2008.03.25"]

1. e4 c5 2. Nf3 d6 3. d4 cxd4 4. Nxd4 Nf6 5. Nc3 g6 6. Be3 Bg7 7. f3 O-O 8. Qd2
Nc6 9. O-O-O d5 10. exd5 Nxd5 11. Nxc6 bxc6 12. Bd4 e5 13. Bc5 Be6 14. Ne4 Re8
15. h4 Nf4 16. g3 Qxd2+ 17. Rxd2 Nd5 18. c4 Nb6 19. b3 Red8 20. Be7 Bh6 21. Bg5
Rxd2 22. Kxd2 Bxg5+ 23. hxg5 Kg7 24. Kc3 a5 25. Nf6 Rh8 26. Bh3 Bxh3 27. Rxh3
h6 28. c5 Nc8 29. Kd3 Ne7 30. Ke4 hxg5 31. Rxh8 Kxh8 32. Kxe5 Nf5 33. Ne4 Kg7
34. g4 Nh4 35. Nd2 Ng2 36. Kd6 Ne3 37. Kxc6 f5 38. Kb7 fxg4 39. fxg4 Nxg4 40.
Ne4 Ne5 41. c6 Nxc6 42. Kxc6 g4 43. Kb5 1-0

[Event "Sydney Internatonal Open 2008"]
[Site "Sydney AUS"]
[Date "2008.03.25"]
[Round "1.22"]
[White "Smith, Robert W"]
[Black "Selnes, Hamish"]
[Result "1-0"]
[WhiteElo "2333"]
[BlackElo "1957"]
[PlyCount "99"]
[EventDate "2008.03.25"]
[EventType "swiss"]
[EventRounds "9"]
[EventCountry "AUS"]
[Source "lmi"]
[SourceDate "2008.03.25"]

1. c4 Nf6 2. Nc3 c5 3. g3 e6 4. e4 Nc6 5. Bg2 b6 6. e5 Ng8 7. Nge2 Rb8 8. f4
Bb7 9. O-O d6 10. Qa4 Qd7 11. exd6 Bxd6 12. d3 Nf6 13. h3 O-O 14. Be3 Be7 15.
Rad1 Na5 16. Qxd7 Nxd7 17. b3 Bxg2 18. Kxg2 Nc6 19. f5 e5 20. g4 h6 21. Nd5 Nf6
22. Nec3 Rfe8 23. Kg3 Nxd5 24. Nxd5 Bd6 25. Kf3 f6 26. Rg1 Kf7 27. h4 Nd4+ 28.
Ke4 Rh8 29. Nc3 Rbd8 30. Nd5 Rb8 31. Rg2 Rbd8 32. Rdg1 Bb8 33. Bxd4 exd4 34.
Kf3 Be5 35. a4 Rb8 36. Re2 Bd6 37. Rge1 Be5 38. Re4 Kf8 39. Rg1 Kf7 40. Rg2 Kf8
41. Ke2 Kf7 42. Kf3 Kf8 43. Rge2 Kf7 44. Nf4 Rhd8 45. Ng6 Bd6 46. Re6 Rb7 47.
h5 Rdd7 48. Re8 Be7 49. R2xe7+ Rxe7 50. Rf8# 1-0

[Event "Sydney Internatonal Open 2008"]
[Site "Sydney AUS"]
[Date "2008.03.25"]
[Round "1.33"]
[White "Rachmadi, Herman"]
[Black "Steadman, Michael"]
[Result "1/2-1/2"]
[WhiteElo "1836"]
[BlackElo "2238"]
[PlyCount "102"]
[EventDate "2008.03.25"]
[EventType "swiss"]
[EventRounds "9"]
[EventCountry "AUS"]
[Source "lmi"]
[SourceDate "2008.03.25"]

1. d4 e6 2. c4 c5 3. e3 g6 4. Nf3 Bg7 5. Nc3 a6 6. Be2 Ne7 7. O-O b6 8. dxc5
Bb7 9. cxb6 Qxb6 10. Qc2 Nbc6 11. a3 Rc8 12. b4 d5 13. c5 Qc7 14. Bb2 O-O 15.
Rfd1 Nb8 16. Rd2 h6 17. Rad1 f5 18. Nd4 Rf6 19. Nb3 Rf7 20. Na5 Rcf8 21. Nxb7
Qxb7 22. Bf3 Nbc6 23. Na4 Ne5 24. Be2 f4 25. exf4 Rxf4 26. f3 g5 27. Rf1 N7c6
28. Nb6 h5 29. Qa4 g4 30. fxg4 Qf7 31. Qd1 Nxg4 32. Rf3 Nce5 33. Bxe5 Bxe5 34.
h3 Nf2 35. Kxf2 Rxf3+ 36. Bxf3 Qf4 37. Kf1 Rf7 38. Qe2 Qh2 39. Qd3 Kg7 40. a4
Bg3 41. Qd4+ Kg8 42. Rd3 Be5 43. Qh4 Qh1+ 44. Ke2 Qc1 45. Qxh5 Bc3 46. Qg6+ Kf8
47. Rxc3 Qxc3 48. Qh6+ Ke7 49. Qg5+ Kf8 50. Qh6+ Ke7 51. Qg5+ Kf8 1/2-1/2

[Event "Sydney Internatonal Open 2008"]
[Site "Sydney AUS"]
[Date "2008.03.25"]
[Round "1.39"]
[White "Watson, James"]
[Black "Oliver, Gareth"]
[Result "1/2-1/2"]
[WhiteElo "1923"]
[BlackElo "2164"]
[PlyCount "82"]
[EventDate "2008.03.25"]
[EventType "swiss"]
[EventRounds "9"]
[EventCountry "AUS"]
[Source "lmi"]
[SourceDate "2008.03.25"]

1. e4 c5 2. Nc3 Nc6 3. f4 g6 4. Nf3 Bg7 5. Bb5 Nd4 6. Bd3 e6 7. Nxd4 cxd4 8.
Nb5 d6 9. c3 dxc3 10. bxc3 Bf8 11. O-O Bd7 12. Rb1 a6 13. Nd4 Qc7 14. Qb3 O-O-O
15. Ba3 e5 16. Ne2 Nh6 17. c4 Qb8 18. Nc3 Qa7+ 19. Kh1 Bc6 20. Nd5 Kb8 21. Bb4
Bxd5 22. cxd5 Rd7 23. Ba5 b5 24. a4 Rb7 25. h3 f5 26. axb5 axb5 27. Bc3 fxe4
28. Bxe4 Bg7 29. Ra1 Qb6 30. Rfb1 Rc8 31. Ra5 b4 32. Ra4 bxc3 33. Qxb6 Rxb6 34.
Rxb6+ Kc7 35. Rc6+ Kd8 36. dxc3 exf4 37. c4 Be5 38. Ra7 Rb8 39. Rxh7 Nf5 40.
Kg1 Ng3 41. Bxg6 Bd4+ 1/2-1/2

[Event "Sydney Internatonal Open 2008"]
[Site "Sydney AUS"]
[Date "2008.03.25"]
[Round "1.42"]
[White "Illingworth, Max"]
[Black "Gandar, Sanmogam"]
[Result "1-0"]
[WhiteElo "2152"]
[BlackElo "1851"]
[PlyCount "97"]
[EventDate "2008.03.25"]
[EventType "swiss"]
[EventRounds "9"]
[EventCountry "AUS"]
[Source "lmi"]
[SourceDate "2008.03.25"]

1. d4 Nf6 2. c4 g6 3. Nc3 Bg7 4. e4 d6 5. Nge2 O-O 6. f3 e5 7. Bg5 c6 8. Qd2
Nbd7 9. d5 c5 10. g4 a6 11. Ng3 b5 12. cxb5 Qb6 13. h4 axb5 14. Bxb5 Ba6 15.
Bxa6 Rxa6 16. b3 Rfa8 17. Rb1 Qb4 18. Nf1 c4 19. bxc4 Qxc4 20. Ne3 Qc7 21. h5
h6 22. Bh4 g5 23. Bf2 Bf8 24. O-O Nc5 25. Rfc1 Nfd7 26. Nc2 Qc8 27. Nb4 Ra4 28.
Kg2 R4a5 29. Rc2 Ra3 30. Qe2 Kh7 31. Be3 Kg8 32. Bc1 R3a5 33. a3 Rb8 34. Bb2
Rba8 35. Nd1 Qb7 36. Ne3 Qb5 37. Qxb5 Rxb5 38. Kf2 Rba5 39. Ke2 f6 40. Nc4 Ra4
41. Bc1 Be7 42. Nc6 Bf8 43. Rb5 R4a6 44. Bd2 Na4 45. Ba5 Nac5 46. Bc7 Ra4 47.
Ba5 Kf7 48. Rc3 Be7 49. Nb2 1-0

[Event "Sydney Internatonal Open 2008"]
[Site "Sydney AUS"]
[Date "2008.03.26"]
[Round "2.6"]
[White "Hacche, David"]
[Black "Gagunashvili, Merab"]
[Result "0-1"]
[WhiteElo "2182"]
[BlackElo "2553"]
[PlyCount "88"]
[EventDate "2008.03.25"]
[EventType "swiss"]
[EventRounds "9"]
[EventCountry "AUS"]
[Source "lmi"]
[SourceDate "2008.03.25"]

1. d4 Nf6 2. Nf3 e6 3. g3 d5 4. Bg2 b5 5. O-O Bb7 6. c3 Nbd7 7. a4 b4 8. a5 Ba6
9. Re1 Be7 10. Nbd2 O-O 11. e4 dxe4 12. Nxe4 Nxe4 13. Rxe4 bxc3 14. bxc3 c5 15.
Re1 Bb7 16. Be3 cxd4 17. Bxd4 Qc7 18. Qe2 Rfc8 19. h4 Bf6 20. a6 Bd5 21. Ne5
Bxg2 22. Kxg2 Nc5 23. Qb5 Qd6 24. Kh2 Rab8 25. Qe2 Nb3 26. Rad1 Qc7 27. Qe3
Nxd4 28. cxd4 h6 29. Rc1 Qd6 30. Rxc8+ Rxc8 31. Ra1 Rc2 32. Rb1 Qxa6 33. Nd7
Be7 34. d5 Qe2 35. Rb8+ Kh7 36. Qxe2 Rxe2 37. dxe6 Rxf2+ 38. Kg1 Rd2 39. Re8
Bb4 40. Ne5 fxe6 41. Rxe6 Re2 42. Kf1 Re3 43. h5 a5 44. g4 Bc3 0-1

[Event "Sydney Internatonal Open 2008"]
[Site "Sydney AUS"]
[Date "2008.03.26"]
[Round "3.22"]
[White "Rosario, Amiel"]
[Black "Steadman, Michael"]
[Result "0-1"]
[WhiteElo "1974"]
[BlackElo "2238"]
[PlyCount "52"]
[EventDate "2008.03.25"]
[EventType "swiss"]
[EventRounds "9"]
[EventCountry "AUS"]
[Source "lmi"]
[SourceDate "2008.03.25"]

1. d4 e6 2. c4 c5 3. d5 exd5 4. cxd5 d6 5. Nc3 g6 6. e4 a6 7. a4 Bg7 8. Bd3 Ne7
9. h3 O-O 10. Nf3 f5 11. e5 dxe5 12. d6 Nec6 13. Bc4+ Kh8 14. Ng5 Nd4 15. Nf7+
Rxf7 16. Bxf7 Qxd6 17. O-O Nbc6 18. f4 e4 19. Be3 Nb4 20. Rc1 Nd3 21. Rb1 b5
22. Bd5 Rb8 23. Bxe4 fxe4 24. Nxe4 Qd5 25. Qxd3 Bb7 26. axb5 Nf3+ 0-1

[Event "Sydney Internatonal Open 2008"]
[Site "Sydney AUS"]
[Date "2008.03.26"]
[Round "3.27"]
[White "Cunanan, Kimberly Jane"]
[Black "Dilla, Edsil"]
[Result "1-0"]
[WhiteElo "1939"]
[BlackElo "2153"]
[PlyCount "52"]
[EventDate "2008.03.25"]
[EventType "swiss"]
[EventRounds "9"]
[EventCountry "AUS"]
[Source "lmi"]
[SourceDate "2008.03.25"]

1. c4 Nf6 2. g3 c5 3. Bg2 e5 4. Nc3 Nc6 5. e4 d6 6. Nge2 Be7 7. d3 Bd7 8. h3 a6
9. O-O Nd4 10. Be3 b5 11. f4 b4 12. Nb1 a5 13. Nd2 a4 14. Kh2 Qc8 15. f5 a3 16.
b3 Bc6 17. g4 h6 18. Ng3 Qb7 19. Nf3 O-O 20. Qd2 Rfd8 21. Bxd4 exd4 22. e5 Nd7
23. f6 gxf6 24. Nf5 Bf8 25. exd6 h5 26. Rae1 hxg4 1-0

[Event "Sydney Internatonal Open 2008"]
[Site "Sydney AUS"]
[Date "2008.03.28"]
[Round "6.14"]
[White "Cua, Sherily"]
[Black "Antic, Dejan"]
[Result "1-0"]
[WhiteElo "2132"]
[BlackElo "2480"]
[PlyCount "161"]
[EventDate "2008.03.25"]
[EventType "swiss"]
[EventRounds "9"]
[EventCountry "AUS"]
[Source "lmi"]
[SourceDate "2008.03.25"]

1. d4 Nf6 2. c4 g6 3. Nc3 Bg7 4. e4 d6 5. f3 O-O 6. Be3 Nbd7 7. Qd2 c5 8. Nge2
a6 9. Nc1 cxd4 10. Bxd4 Ne5 11. Nb3 Be6 12. Nd5 Rc8 13. Bb6 Qd7 14. Be3 Bxd5
15. cxd5 Rc7 16. Be2 Rfc8 17. Nd4 Nc4 18. Bxc4 Rxc4 19. O-O Qc7 20. Rad1 Nd7
21. Rf2 Ne5 22. g3 Rc5 23. b3 Rc3 24. Qe2 Nd7 25. Rd3 Ne5 26. Rd1 Qd8 27. Kg2
Qf8 28. Rff1 Bh6 29. f4 Nd7 30. Rc1 Bg7 31. Qd2 R3c7 32. Rxc7 Rxc7 33. Rc1 Qc8
34. Rxc7 Qxc7 35. Qc2 Qd8 36. Nf3 Nf6 37. h3 Qd7 38. Qc4 e6 39. dxe6 fxe6 40.
Bf2 d5 41. exd5 exd5 42. Qd3 Ne4 43. Bd4 Bxd4 44. Nxd4 Qc7 45. Qc2 Qxc2+ 46.
Nxc2 Kf7 47. Kf3 Ke7 48. g4 Kd6 49. Ke3 b5 50. b4 Nc3 51. a3 Na4 52. Ke2 Nb2
53. Ke3 Nc4+ 54. Kd4 a5 55. bxa5 Nxa5 56. Nb4 Nb3+ 57. Kc3 Nc5 58. Nd3 Ne6 59.
Kb4 Nd4 60. Kc3 Nc6 61. Nb4 Na5 62. Nd3 Nc6 63. Nb4 Nd8 64. Nd3 Ne6 65. Kb4 Nc7
66. Kc3 Na6 67. Nb4 Nc7 68. Nd3 h5 69. Ne5 hxg4 70. hxg4 Kc5 71. Nxg6 d4+ 72.
Kd3 Nd5 73. g5 b4 74. axb4+ Nxb4+ 75. Kd2 Kd5 76. f5 Nc6 77. f6 Ke6 78. Nf4+
Kf7 79. Kd3 Ne5+ 80. Ke4 Ng4 81. Nd5 1-0

[Event "Sydney Internatonal Open 2008"]
[Site "Sydney AUS"]
[Date "2008.03.28"]
[Round "7.12"]
[White "Mas, Hafizulhelmi"]
[Black "Cua, Sherily"]
[Result "1/2-1/2"]
[WhiteElo "2382"]
[BlackElo "2132"]
[PlyCount "58"]
[EventDate "2008.03.25"]
[EventType "swiss"]
[EventRounds "9"]
[EventCountry "AUS"]
[Source "lmi"]
[SourceDate "2008.03.25"]

1. e4 e6 2. d4 d5 3. Nd2 dxe4 4. Nxe4 Bd7 5. Nf3 Bc6 6. Bd3 Nd7 7. O-O Ngf6 8.
Ng3 Be7 9. Re1 Bxf3 10. Qxf3 c6 11. a4 O-O 12. c3 Qc7 13. Bg5 Rfe8 14. Bc2 c5
15. Rad1 Rad8 16. dxc5 Nxc5 17. h3 Rxd1 18. Rxd1 Rd8 19. Rxd8+ Bxd8 20. Qf4
Qxf4 21. Bxf4 Nd5 22. Bb8 a6 23. Ne4 Nd7 24. Bd6 f5 25. Nc5 Nxc5 26. Bxc5 Be7
27. Ba7 Kf7 28. Bb3 Bf6 29. g3 Ke7 1/2-1/2

[Event "Sydney Internatonal Open 2008"]
[Site "Sydney AUS"]
[Date "2008.03.28"]
[Round "7.15"]
[White "Solomon, Stephen J"]
[Black "Haessler, Carl"]
[Result "1-0"]
[WhiteElo "2468"]
[BlackElo "2147"]
[PlyCount "71"]
[EventDate "2008.03.25"]
[EventType "swiss"]
[EventRounds "9"]
[EventCountry "AUS"]
[Source "lmi"]
[SourceDate "2008.03.25"]

1. e4 c6 2. d4 d5 3. Nd2 dxe4 4. Nxe4 Nf6 5. Nxf6+ gxf6 6. c3 Bf5 7. Nf3 e6 8.
g3 Bg4 9. h3 Bh5 10. Bg2 Bd6 11. O-O Nd7 12. c4 Rg8 13. Kh1 Qe7 14. c5 Bc7 15.
b4 a6 16. Qd3 f5 17. Bd2 Rd8 18. Rae1 Nf6 19. Ne5 Nd5 20. a4 Bg6 21. f4 Bh5 22.
b5 f6 23. Nc4 axb5 24. axb5 Kf7 25. b6 Bb8 26. Kh2 Qd7 27. Rf2 Rg6 28. Bf3 Bxf3
29. Qxf3 Rdg8 30. Rg2 Ne7 31. Be3 Rh6 32. Rge2 Ng6 33. Bf2 Nf8 34. Ra2 Ke7 35.
Ra8 Qe8 36. Nd6 1-0

[Event "Sydney Internatonal Open 2008"]
[Site "Sydney AUS"]
[Date "2008.03.29"]
[Round "8.11"]
[White "Goldenberg, Igor"]
[Black "Rej, Tomek"]
[Result "1-0"]
[WhiteElo "2395"]
[BlackElo "2283"]
[PlyCount "71"]
[EventDate "2008.03.25"]
[EventType "swiss"]
[EventRounds "9"]
[EventCountry "AUS"]
[Source "lmi"]
[SourceDate "2008.03.25"]

1. Nf3 d5 2. d4 c6 3. c4 e6 4. Nc3 dxc4 5. a4 Bb4 6. Bd2 a5 7. e3 b5 8. axb5
Bxc3 9. Bxc3 cxb5 10. b3 Bb7 11. bxc4 b4 12. Bb2 Nf6 13. Bd3 O-O 14. Qc2 Nbd7
15. e4 e5 16. O-O Qc7 17. c5 Rfe8 18. Rfe1 Qc6 19. Rac1 Ba6 20. Bxa6 Rxa6 21.
d5 Qc7 22. Red1 Qxc5 23. Qxc5 Nxc5 24. Rxc5 a4 25. Rb5 b3 26. Bxe5 Nxe4 27. d6
Rxd6 28. Rxd6 Nxd6 29. Bxd6 f6 30. Kf1 Rd8 31. Be7 Rd7 32. Bc5 Rd5 33. Ke2 Rxc5
34. Rxc5 a3 35. Nd2 b2 36. Ra5 1-0

[Event "Sydney Internatonal Open 2008"]
[Site "Sydney AUS"]
[Date "2008.03.29"]
[Round "8.12"]
[White "Cua, Sherily"]
[Black "Wang, Puchen"]
[Result "1/2-1/2"]
[WhiteElo "2132"]
[BlackElo "2383"]
[PlyCount "96"]
[EventDate "2008.03.25"]
[EventType "swiss"]
[EventRounds "9"]
[EventCountry "AUS"]
[Source "lmi"]
[SourceDate "2008.03.25"]

1. d4 Nf6 2. c4 c5 3. Nf3 cxd4 4. Nxd4 Nc6 5. Nc3 g6 6. e4 Bg7 7. Be3 O-O 8.
Be2 d6 9. O-O Bd7 10. f3 a6 11. Nb3 Be6 12. Rc1 Rc8 13. Nd5 Nd7 14. Qd2 b6 15.
Rfd1 Nc5 16. Na1 a5 17. b3 f5 18. exf5 Bxf5 19. Nc2 Be6 20. Kh1 Kh8 21. Bg5
Bxd5 22. cxd5 Ne5 23. Nd4 Qd7 24. Bb5 Qb7 25. Qe2 h6 26. Bc6 Qc7 27. Bh4 Nxc6
28. Nxc6 g5 29. Bf2 e5 30. Bxc5 bxc5 31. Rc4 Ra8 32. Rdc1 Rf4 33. g3 Rff8 34.
Kg2 Qb7 35. Ra4 Ra6 36. Qe4 Qc7 37. Rcc4 Rfa8 38. Ra3 Qf7 39. Rca4 g4 40. Rxa5
Rxa5 41. Rxa5 Rxa5 42. Nxa5 Qa7 43. Qe1 gxf3+ 44. Kxf3 Qf7+ 45. Ke4 h5 46. Qe3
Qg6+ 47. Kf3 Qf7+ 48. Ke4 Qg6+ 1/2-1/2

[Event "Sydney Internatonal Open 2008"]
[Site "Sydney AUS"]
[Date "2008.03.29"]
[Round "8.14"]
[White "Metz, Hartmut"]
[Black "Stojic, Dusan"]
[Result "1-0"]
[WhiteElo "2335"]
[BlackElo "2155"]
[PlyCount "132"]
[EventDate "2008.03.25"]
[EventType "swiss"]
[EventRounds "9"]
[EventCountry "AUS"]
[Source "lmi"]
[SourceDate "2008.03.25"]

1. d4 Nf6 2. Nf3 g6 3. Bf4 Bg7 4. h3 O-O 5. Nbd2 d6 6. c3 Nbd7 7. e3 Re8 8. Nc4
b6 9. Be2 Bb7 10. O-O c5 11. a4 Qc7 12. Rc1 Rac8 13. Bh2 a6 14. Re1 Bc6 15. b4
cxb4 16. cxb4 Qb8 17. Na3 Bb7 18. Bc4 Qa8 19. Qb3 Rf8 20. Be2 Ne4 21. Red1 Ndf6
22. Nc4 Bd5 23. Qd3 Nd7 24. Ne1 Qc6 25. Qa3 Qb7 26. f3 Nef6 27. Nd2 Be6 28. Bg3
d5 29. Qd3 Nb8 30. Nb3 Rc4 31. Qd2 Rxc1 32. Rxc1 Rc8 33. Nd3 Bd7 34. Rxc8+ Qxc8
35. a5 b5 36. Nbc5 Bh6 37. Kf2 Nc6 38. Nxd7 Nxd7 39. Qc3 Bg7 40. Qb3 e6 41. Bd6
h5 42. g3 Nd8 43. g4 hxg4 44. hxg4 Qc4 45. Qb2 Qc6 46. Bg3 Bf8 47. Nc5 Nxc5 48.
dxc5 Qd7 49. Be5 Nc6 50. Bc3 Qc7 51. Kg2 f5 52. Bd3 Bg7 53. gxf5 gxf5 54. e4
fxe4 55. fxe4 Bxc3 56. Qxc3 Qf4 57. exd5 exd5 58. Be2 Kf7 59. Bh5+ Ke6 60. Qg7
Nd4 61. Qg8+ Ke7 62. Qe8+ Kf6 63. Qf8+ Kg5 64. Qxf4+ Kxf4 65. Be8 Ke4 66. c6
Ke5 1-0

[Event "Sydney Internatonal Open 2008"]
[Site "Sydney AUS"]
[Date "2008.03.29"]
[Round "8.15"]
[White "Kresovic, Velimir"]
[Black "Fernandez, Daniel Howard"]
[Result "1-0"]
[WhiteElo "2245"]
[BlackElo "2104"]
[PlyCount "111"]
[EventDate "2008.03.25"]
[EventType "swiss"]
[EventRounds "9"]
[EventCountry "AUS"]
[Source "lmi"]
[SourceDate "2008.03.25"]

1. e4 e5 2. Nf3 Nc6 3. Bb5 a6 4. Ba4 Nf6 5. O-O Be7 6. d3 b5 7. Bb3 O-O 8. a4
Bb7 9. Bg5 Na5 10. Ba2 d6 11. c3 c5 12. Nbd2 Qd7 13. Bb1 Nc6 14. Re1 h6 15. Bh4
d5 16. exd5 Nxd5 17. Bg3 Nf4 18. Qc2 f5 19. Nxe5 Nxe5 20. Bxf4 Ng6 21. Be5 Nxe5
22. Rxe5 Bd6 23. Re2 Kh8 24. Nf1 Rf6 25. axb5 axb5 26. Rxa8+ Bxa8 27. f3 g5 28.
Qd2 Bd5 29. Qe1 Bf7 30. Bc2 Qa7 31. Kh1 Kg7 32. b3 Bf8 33. Qd2 Qa3 34. c4 b4
35. Re1 Qb2 36. Ne3 Bd6 37. Qc1 Qe5 38. Ng4 fxg4 39. Rxe5 Bxe5 40. Bd1 Re6 41.
g3 Bc3 42. Qc2 Be8 43. h3 h5 44. Kh2 Bc6 45. d4 Bxd4 46. Qf5 Re5 47. Qc8 Be8
48. hxg4 hxg4 49. Qxg4 Bg6 50. f4 gxf4 51. gxf4 Rh5+ 52. Kg2 Kf6 53. Bf3 Be3
54. Qd7 Rf5 55. Qd6+ Kf7 56. Bd5+ 1-0

[Event "Sydney Internatonal Open 2008"]
[Site "Sydney AUS"]
[Date "2008.03.29"]
[Round "8.16"]
[White "Haessler, Carl"]
[Black "Antic, Dejan"]
[Result "0-1"]
[WhiteElo "2147"]
[BlackElo "2480"]
[PlyCount "50"]
[EventDate "2008.03.25"]
[EventType "swiss"]
[EventRounds "9"]
[EventCountry "AUS"]
[Source "lmi"]
[SourceDate "2008.03.25"]

1. Nc3 d5 2. e4 e6 3. Nf3 Nf6 4. e5 Nfd7 5. Ne2 c5 6. Nf4 Nc6 7. Bb5 Qc7 8. Qe2
Be7 9. O-O a6 10. Bxc6 Qxc6 11. d4 b5 12. Re1 Bb7 13. a4 bxa4 14. c4 Nb6 15.
cxd5 Nxd5 16. Nxd5 Qxd5 17. Rxa4 Qd7 18. Ra5 cxd4 19. Rd1 Qc6 20. Bf4 Rd8 21.
Rc1 Qb6 22. Ra4 O-O 23. Bd2 Qxb2 24. Rc7 Bxf3 25. gxf3 Bg5 0-1

[Event "Sydney Internatonal Open 2008"]
[Site "Sydney AUS"]
[Date "2008.03.29"]
[Round "8.21"]
[White "McNamara, Gary"]
[Black "Perena, Catherine"]
[Result "0-1"]
[WhiteElo "2084"]
[BlackElo "2234"]
[PlyCount "40"]
[EventDate "2008.03.25"]
[EventType "swiss"]
[EventRounds "9"]
[EventCountry "AUS"]
[Source "lmi"]
[SourceDate "2008.03.25"]

1. e4 e5 2. Bc4 Nf6 3. Nc3 Nc6 4. d3 h6 5. a3 Bc5 6. Na4 Bb6 7. Nxb6 axb6 8.
Qf3 Nd4 9. Qd1 d5 10. exd5 Nxd5 11. c3 Nc6 12. Qf3 Be6 13. Qg3 Qf6 14. Nf3
O-O-O 15. Nd2 g5 16. Bxd5 Rxd5 17. O-O Qg6 18. d4 exd4 19. c4 Rd7 20. b4 Qc2
0-1

[Event "Sydney Internatonal Open 2008"]
[Site "Sydney AUS"]
[Date "2008.03.29"]
[Round "8.22"]
[White "Watson, James"]
[Black "Setiawan, Iwan"]
[Result "0-1"]
[WhiteElo "1923"]
[BlackElo "2076"]
[PlyCount "138"]
[EventDate "2008.03.25"]
[EventType "swiss"]
[EventRounds "9"]
[EventCountry "AUS"]
[Source "lmi"]
[SourceDate "2008.03.25"]

1. e4 d5 2. exd5 Nf6 3. Bb5+ Bd7 4. Bc4 Bg4 5. f3 Bc8 6. Nc3 Nbd7 7. Nge2 Nb6
8. b3 g6 9. Bb2 Bg7 10. O-O O-O 11. Rb1 Nfxd5 12. Nxd5 Nxd5 13. Bxg7 Kxg7 14.
Ng3 c6 15. f4 Qa5 16. a4 Rd8 17. Qe2 Qc7 18. Kh1 Nf6 19. Qe5 Qxe5 20. fxe5 Nd5
21. Rf2 Be6 22. Rbf1 h6 23. Ne4 b6 24. Nc3 Rf8 25. Ne2 Rad8 26. Nd4 c5 27.
Nxe6+ fxe6 28. Kg1 Rxf2 29. Rxf2 Nc7 30. Kf1 a6 31. Ke2 b5 32. axb5 axb5 33.
Bd3 Rd5 34. Kf3 Rxe5 35. Rf1 b4 36. Ra1 Ne8 37. Ra7 Kf6 38. Ra8 Nd6 39. Rg8 Nf5
40. g4 Kf7 41. Rd8 Nd6 42. Kf2 Rd5 43. Ra8 Rd4 44. Ra5 c4 45. bxc4 Nxc4 46. Rb5
Na3 47. Rc5 Rxg4 48. Rc8 Rd4 49. Ke3 Rh4 50. Rb8 g5 51. c3 Rh3+ 52. Ke4 Rxh2
53. cxb4 Rxd2 54. Ra8 Nc2 55. b5 Nb4 56. b6 Nxd3 57. b7 Nc5+ 58. Ke3 Rd3+ 59.
Ke2 Rb3 60. b8=Q Rxb8 61. Rxb8 Nd7 62. Rh8 Kg7 63. Re8 Nf8 64. Rxe7+ Kf6 65.
Re8 Ng6 66. Kf3 h5 67. Rg8 g4+ 68. Kg3 Kg5 69. Ra8 e5 0-1

[Event "Sydney Internatonal Open 2008"]
[Site "Sydney AUS"]
[Date "2008.03.29"]
[Round "8.23"]
[White "Hacche, David"]
[Black "Schon, Eugene"]
[Result "1-0"]
[WhiteElo "2182"]
[BlackElo "2002"]
[PlyCount "77"]
[EventDate "2008.03.25"]
[EventType "swiss"]
[EventRounds "9"]
[EventCountry "AUS"]
[Source "lmi"]
[SourceDate "2008.03.25"]

1. c4 e5 2. Nc3 Nf6 3. Nf3 Nc6 4. a3 g6 5. e3 Bg7 6. Be2 O-O 7. O-O d5 8. cxd5
Nxd5 9. Qc2 Be6 10. Na4 Qe7 11. d3 Rad8 12. Rb1 f5 13. Nc5 Bc8 14. e4 Nb6 15.
b4 f4 16. Bb2 g5 17. b5 Nd4 18. Bxd4 exd4 19. h3 Rd6 20. Nh2 Kh8 21. Rfc1 c6
22. a4 Nd7 23. Nxd7 Bxd7 24. Bg4 Bxg4 25. hxg4 Qd7 26. Qc5 Rdf6 27. Qxa7 f3 28.
bxc6 Rxc6 29. Rxc6 Qxc6 30. Qxb7 Qxa4 31. Nxf3 h6 32. Qb5 Qc2 33. Rf1 Ra8 34.
e5 Qc8 35. Qd5 Ra4 36. e6 Ra7 37. Nxd4 Re7 38. Ra1 Bxd4 39. Ra8 1-0

[Event "Sydney Internatonal Open 2008"]
[Site "Sydney AUS"]
[Date "2008.03.29"]
[Round "8.24"]
[White "Hu, Jason"]
[Black "Oliver, Gareth"]
[Result "1-0"]
[WhiteElo "2120"]
[BlackElo "2164"]
[PlyCount "101"]
[EventDate "2008.03.25"]
[EventType "swiss"]
[EventRounds "9"]
[EventCountry "AUS"]
[Source "lmi"]
[SourceDate "2008.03.25"]

1. c4 Nf6 2. Nc3 g6 3. g3 Bg7 4. Bg2 O-O 5. e4 d6 6. Nge2 e5 7. O-O Nc6 8. d3
Nd4 9. Nxd4 exd4 10. Ne2 c5 11. h3 Ne8 12. f4 f5 13. exf5 gxf5 14. Kh2 Nf6 15.
b4 Rb8 16. Qa4 a6 17. Re1 Bd7 18. Qa3 Qc7 19. Ng1 Rfe8 20. Bd2 Rxe1 21. Rxe1
Re8 22. Rxe8+ Bxe8 23. Nf3 Qe7 24. Qc1 Qe2 25. Qf1 Qxf1 26. Bxf1 Bd7 27. bxc5
dxc5 28. Ne5 Bc8 29. Bg2 Kf8 30. Ba5 Ke8 31. Bf3 Nd7 32. Nxd7 Kxd7 33. g4 b5
34. gxf5 bxc4 35. dxc4 Bf8 36. Kg3 Ke7 37. Be4 Kf6 38. Bc7 Bxf5 39. Bb7 d3 40.
Ba5 Ke7 41. Bxa6 Be4 42. Bc8 Bg7 43. Bg4 Bb2 44. Bd2 Kf6 45. a4 Bb7 46. Bf3 Ba6
47. Bd5 Bd4 48. Kf3 Bc8 49. a5 h5 50. Be4 h4 51. Bxd3 1-0

[Event "Sydney Internatonal Open 2008"]
[Site "Sydney AUS"]
[Date "2008.03.29"]
[Round "8.28"]
[White "Voon, Richard"]
[Black "Nguyen, Thu Giang"]
[Result "0-1"]
[WhiteElo "1990"]
[BlackElo "2106"]
[PlyCount "66"]
[EventDate "2008.03.25"]
[EventType "swiss"]
[EventRounds "9"]
[EventCountry "AUS"]
[Source "lmi"]
[SourceDate "2008.03.25"]

1. c4 Nf6 2. Nf3 e6 3. g3 d5 4. d4 Be7 5. Nc3 O-O 6. Bg2 Nbd7 7. cxd5 exd5 8.
O-O c6 9. Re1 Re8 10. e4 dxe4 11. Nxe4 Nxe4 12. Rxe4 Nf6 13. Re2 Bg4 14. a3 Qb6
15. h3 Bh5 16. g4 Bg6 17. Nh4 Rad8 18. Nxg6 hxg6 19. Rd2 Nd5 20. Rd3 Qc7 21.
Rf3 g5 22. Be3 Bf6 23. Qb3 Nf4 24. Rd1 Bxd4 25. Bxf4 gxf4 26. Rfd3 c5 27. Kf1
b6 28. Qc2 Qe5 29. R3d2 Re6 30. Bf3 Rde8 31. Kg2 Qf6 32. b4 Qh4 33. Rd3 Re2 0-1

[Event "Sydney Internatonal Open 2008"]
[Site "Sydney AUS"]
[Date "2008.03.29"]
[Round "8.30"]
[White "Dick, David W"]
[Black "Bennett, Hilton"]
[Result "1/2-1/2"]
[WhiteElo "1953"]
[BlackElo "2094"]
[PlyCount "70"]
[EventDate "2008.03.25"]
[EventType "swiss"]
[EventRounds "9"]
[EventCountry "AUS"]
[Source "lmi"]
[SourceDate "2008.03.25"]

1. e4 d5 2. exd5 Nf6 3. Nc3 Nxd5 4. Nf3 Bg4 5. Be2 e6 6. h3 Bh5 7. Ne5 Bxe2 8.
Qxe2 Nxc3 9. dxc3 Nd7 10. O-O Bd6 11. Nxd7 Qxd7 12. Be3 O-O 13. Qf3 c5 14. Rfd1
Qc7 15. Rd2 Rad8 16. Rad1 h6 17. c4 b6 18. Kf1 Be5 19. c3 Rxd2 20. Rxd2 Rd8 21.
Rxd8+ Qxd8 22. Ke2 Kf8 23. Qb7 Qc7 24. Qxc7 Bxc7 25. Kd3 Ke7 26. f3 h5 27. a4
e5 28. Bf2 Ke6 29. Bg1 f5 30. Ke3 Bd6 31. Bf2 Be7 32. Kd3 g5 33. g4 hxg4 34.
hxg4 e4+ 35. fxe4 f4 1/2-1/2